| 000 | 00817nam a2200241 4500 | ||
|---|---|---|---|
| 003 | OSt | ||
| 005 | 20260601193846.0 | ||
| 008 | 260418b2003 mx a|||| |||| 00| 0 spa d | ||
| 020 | _a 9688874000 | ||
| 040 |
_aICI _bspa _cICI |
||
| 050 |
_aNA7110 _bD53 |
||
| 100 | 1 |
_aDias Comas, Carlos Eduardo, _931421 |
|
| 245 | 1 |
_aLa casa latinoamericana moderna : _b20 paradigmas de mediados de siglo XX / _cCarlos Eduardo Dias Comas, Miquel Adria |
|
| 264 |
_bGustavo Gili, _c2003 _aNaucalpan, México |
||
| 300 |
_a134 páginas _b ilustraciones |
||
| 336 |
_atexto _2rdacontent |
||
| 337 |
_asin medio _2rdamedia |
||
| 338 |
_avolumen _2rdacarrier |
||
| 650 |
_aArquitectura doméstica _xDiseños y planos _914192 |
||
| 650 |
_aArquitectura moderna _zAmérica Latina _931422 |
||
| 700 |
_aAdria, Miquel, _931423 |
||
| 942 |
_2lcc _cB |
||
| 999 |
_c21634 _d21634 |
||